000 00245nam a2200097Ia 4500
001 815794
005 20250826171703.0
008 250824s9999 xx 000 0 und d
245 0 _aKAYIP PRENS
_cTUNCEL ALTINKÖPRÜ
260 _bGENÇ HAYAT YAYINLARI
999 _c815794
_d815794